000 00429nam a2200169Ia 4500
003 GCL
008 140319s9999 xx 000 0 eng d
040 _aGCL /
_cGCL
082 0 4 _a843
_bP L
100 1 _aPINGAUD, BERNARD
245 1 0 _aL'AMOUR TRISTE /
_cPINGAUD, BERNARD
260 _a[S.N] :
_bLA TABLE RONDE ،
_c1973
300 _a173 P
490 _aCOLLECTION FOLIO
_v0
650 0 4 _aFRENCH LITERATURE
942 _2ddc
_cBK
999 _c22625
_d22625